000 00484nam a22001817a 4500
005 20240106145942.0
008 220120b ||||| |||| 00| 0 eng d
020 _a978-93-89034-82-0
041 _aeng
082 _a612.75
100 _aLEVANGIE, PAMELA.K NORKIN , CYNTHIA
_98255
245 _aJOINT STRUCTURE & A COMPREHENSIV ANALYSIS
250 _a6TH ED.
260 _aNEW DELHI
_bJAYPEE , THE HEALTH SCIENCES PUBLISHERS
300 _a535;p
650 _aBPT
942 _cBK
999 _c7850
_d7848